| 000 | 00000nam##2200000za#4500 |
| 001 | 9.640678 |
| 003 | CaOODSP |
| 005 | 20250403105346 |
| 007 | cr ||||||||||| |
| 008 | 150407|2000||||xxc|||||o f|0| 0 fre|d |
| 040 | |aCaOODSP|bfre |
| 043 | |an-cn--- |
| 086 | 1 |aCS89-571/2000F-PDF |
| 245 | 03|aLa littératie á l'ère de l'information : |h[ressource électronique]|brapport final de l'Enquête internationale sur la littératie des adultes |
| 260 | |aParis, France - Unknown : |bStatistique Canada |cc2000. |
| 300 | |a211p.|bfigures, figures (certaines en couleur), glossaire, graphiques, références, tableaux |
| 590 | |a12-36-Supp|b2012-08-22 |
| 691 | 07|aÉconomie du savoir|2gcpds |
| 691 | 07|aMain-d'oeuvre|2gcpds |
| 691 | 07|aRelations de travail|2gcpds |
| 710 | 2 |aStatistique Canada. |
| 775 | 08|tLiteracy in the information age : |w(CaOODSP)9.696568 |
| 856 | 40|ahttp://publications.gc.ca|qPDF|s1.33 Mo|uhttps://publications.gc.ca/collections/Collection-R/Statcan/89-571-XIF/CS89-571-2000F.pdf |